000 00298nam a22001337a 4500
008 171016b xxu||||| |||| 00| 0 eng d
020 _a2900321088214
041 _aeng
080 _25TH
_a33
100 _a52
101 _aEKO
245 _aESSENTIALS OF ECONOMICS
_cGREGORY,P.R
942 _2udc
_cBK
999 _c34022
_d34022